<The> relevance of economic theory for European integration

Gespeichert in:
Bibliographische Detailangaben
1. Verfasser: Muchová, Eva, 1961-
Format: Buchkapitel
Sprache:Englisch
Schlagworte:
Tags: Tag hinzufügen
Keine Tags, Fügen Sie das erste Tag hinzu!

MARC

LEADER 00000naa$a2200000$$$4500
001 0168379
005 20240502083411.5
041 0 |a eng 
044 |a RU 
245 1 0 |a <The> relevance of economic theory for European integration  |c Eva Muchová 
610 2 0 |a integrácia ekonomická 
610 2 0 |a integrácia menová 
610 2 0 |a Európska menová únia 
610 2 0 |a teória zón menových optimálnych 
100 1 |a Muchová, Eva, 1961-